Bioinformatics methods and applications: (Record no. 19649)
[ view plain ]
| 000 -LEADER | |
|---|---|
| fixed length control field | 00974nam a22003014a 4500 |
| 005 - DATE AND TIME OF LATEST TRANSACTION | |
| control field | 20180605153056.0 |
| 008 - FIXED-LENGTH DATA ELEMENTS--GENERAL INFORMATION | |
| fixed length control field | 020712s2003 enka 001 0 eng |
| 010 ## - LCCN (DPL NO) | |
| LC control number | ENG-92106 |
| 020 ## - INTERNATIONAL STANDARD BOOK NUMBER | |
| International Standard Book Number | 9788120335950 |
| Terms of availability | 325.00 |
| 035 ## - SYSTEM CONTROL NUMBER | |
| System control number | EN-75639, B-126407 |
| 037 ## - SOURCE OF ACQUISITION | |
| Source of stock number/acquisition | DBAD / PUB |
| 040 ## - CATALOGING SOURCE | |
| Original cataloging agency | dpl |
| Language of cataloging | English |
| 082 ## - DEWEY DECIMAL CLASSIFICATION NUMBER | |
| Classification number | 572.80285 |
| 100 ## - MAIN ENTRY--PERSONAL NAME | |
| Personal name | Rastogi, S.C. |
| 245 ## - TITLE STATEMENT | |
| Title | Bioinformatics methods and applications: |
| Statement of responsibility, etc | by S.C. Rastogi, Namita Mendiratta [and] Parag Rastogi |
| Remainder of title | genomics, proteomics and drug, discovery / |
| 250 ## - EDITION STATEMENT | |
| Edition statement | 3rd ed |
| 260 ## - PUBLICATION, DISTRIBUTION, ETC. (IMPRINT) | |
| Place of publication, distribution, etc | New Delhi |
| Name of publisher, distributor, etc | PHI Learning |
| Date of publication, distribution, etc | 2008 |
| 300 ## - PHYSICAL DESCRIPTION | |
| Extent | xvi, 524p.: |
| Dimensions | 25 cm (pbk) |
| Other physical details | ill. |
| 500 ## - GENERAL NOTE | |
| General note | Includes glossary, bibliographical references and index |
| 650 ## - SUBJECT ADDED ENTRY--TOPICAL TERM | |
| Topical term or geographic name as entry element | Bioinformatics |
| 650 ## - SUBJECT ADDED ENTRY--TOPICAL TERM | |
| Topical term or geographic name as entry element | Genomics |
| 650 ## - SUBJECT ADDED ENTRY--TOPICAL TERM | |
| Topical term or geographic name as entry element | Proteomics |
| 650 ## - SUBJECT ADDED ENTRY--TOPICAL TERM | |
| Topical term or geographic name as entry element | Drug development |
| 650 ## - SUBJECT ADDED ENTRY--TOPICAL TERM | |
| Topical term or geographic name as entry element | Drug Design |
| 700 ## - ADDED ENTRY--PERSONAL NAME | |
| Personal name | Mendiratta, Namita |
| 700 ## - ADDED ENTRY--PERSONAL NAME | |
| Personal name | Rastogi, Parag |
| 942 ## - ADDED ENTRY ELEMENTS (KOHA) | |
| Source of classification or shelving scheme | Dewey Decimal Classification |
| Item type | English Books |
| Call number suffix | RAS |
| Classification part | 572.80285 |
| Withdrawn status | Lost status | Source of classification or shelving scheme | Damaged status | Not for loan | Collection code | Home library | Current library | Date acquired | Source of acquisition | Cost, normal purchase price | Total Checkouts | Full call number | Barcode | Date last seen | Copy number | Cost, replacement price | Koha item type |
|---|---|---|---|---|---|---|---|---|---|---|---|---|---|---|---|---|---|
| Dewey Decimal Classification | Not For Loan | Non-fiction | D.B.Act.Division | D.B.Act.Division | 10/12/2008 | DBAD / PUB | 325.00 | 572.80285 RAS | EN-75639 | 10/12/2008 | 1 | 325.00 | English Books | ||||
| Dewey Decimal Classification | Shahdara Branch | Shahdara Branch | 05/06/2018 | BPPD/PUB | 225.00 | 2 | 572.80285 RAS | B-126407 | 06/01/2019 | 225.00 | English Books |
